Random BVB players or Coaches - Statistiken

Allgemein
  • Dieses Quiz wurde 9 mal gespielt
  • Das Durchschnittsergebnis liegt bei 30 aus 60
Antwortstatistiken
Nation Position Name % Korrekt
🇩🇪 ZOM/LF/RF Marco Reus
100%
🇩🇪 IV Mats Hummels
100%
🇨🇭 TW Gregor Kobel
89%
🇵🇱 ST Robert Lewandowski
89%
🇧🇷 LV Dede
78%
🇭🇷🇩🇪 Manager Edin Terzic
78%
🏴󠁧󠁢󠁥󠁮󠁧󠁿 LF/RF Jadon Sancho
78%
🇩🇪 Manager Jürgen Klopp
78%
🇨🇭 IV Manuel Akanji
78%
🇩🇪 LV Marcel Schmelzer
78%
🇹🇷 ZOM/ZM/ZDM/Manager Nuri Sahin
78%
🇬🇦 ST Pierre-Emerick Aubameyang
78%
🇯🇵 ZOM Shinji Kagawa
78%
🇺🇸 RF Christian Pulisic
67%
🇳🇴 ST Erling Braut Haaland
67%
🇺🇸 ZOM/RF/LF Giovanni Reyna
67%
🇩🇪 ZOM Lars Ricken
67%
🇵🇱 RV Lukasz Piszczek
67%
🇩🇪 ZOM Mario Götze
67%
🇷🇸 IV Neven Subotic
67%
🇩🇪 IV Nico Schlotterbeck
67%
🇨🇭 TW Roman Bürki
67%
🇩🇪 TW Roman Weidenfeller
67%
🇩🇪 ZDM Sebastian Kehl
67%
🇬🇳 ST Serouh Guirassy
67%
🇲🇦 RV/RM Ashraf Hakimi
56%
🇩🇪 ZM/ZDM/IV Emre Can
56%
🇦🇲 ZOM Henrik Mkhitaryan
56%
🇩🇪 ZM/ZDM Ilkay Gündogan
56%
🏴󠁧󠁢󠁥󠁮󠁧󠁿 ZM Jude Bellingham
56%
🇩🇪 ZOM Julian Brandt
56%
🇫🇷 RF Ousmane Dembele
56%
🇬🇷 IV Sokratis Papadolupolos
56%
🇩🇪 RF/ZOM/RV Kevin Großkreutz
44%
🇪🇸 IV Marc Bartra
44%
🇩🇪 ZDM/IV Matthias Sammer
44%
🇩🇪 ZDM Sven Bender
44%
🇹🇷 RF Emre Mor
33%
🇩🇪 ZM/ZDM Felix Nmecha
33%
🇩🇪 ZM Michael Zorc
33%
🇦🇺 TW Mitchell Langerak
33%
🇪🇸 ST Paco Alcacer
33%
🇵🇹 LV/LM/ZM Raphael Guerreiro
33%
🇩🇪 ZOM Andreas Möller
22%
🇳🇱 LV Ian Maatsen
22%
🇭🇷 LF Ivan Perisic
22%
🇩🇪 RF/LF Karim Adeyemi
22%
🇵🇱 RF Kuba Blaszczykowski
22%
🇵🇾 ST Lucas Barrios
22%
🇩🇪 Manager Lucien Favre
22%
🇨🇭 ST Stephane Chapuisat
22%
🇧🇷 IV Felipe Santana
11%
🇩🇪 IV Jürgen Kohler
11%
🇩🇪 ST Karl-Heinz Riedle
11%
🇩🇪 IV Matthias Ginter
11%
🇩🇪 ZM Moritz Leitner
11%
🇩🇪 TW Stefan Klos
11%
🇩🇪 RV Stefan Reuter
11%
🇩🇪 TW Wolfgang De Beer
11%
🏴󠁧󠁢󠁳󠁣󠁴󠁿 ZM Paul Lampert
0%
Keine übereinstimmenden Quizze gefunden
Verteilung der Resultate
Anzahl Personen mit jedem Resultat
Perzentil nach korrekt beantworteten Fragen
Ihre Resultats-Entwicklung
Sie haben dieses Quiz noch nicht gespielt